Normal view
MARC view
- Murphy, Gerden J
Entry Personal Name
001 - CONTROL NUMBER
- control field: 6691
003 - CONTROL NUMBER IDENTIFIER
- control field: OSt
005 - DATE AND TIME OF LATEST TRANSACTION
- control field: 20250101114954.0
008 - FIXED-LENGTH DATA ELEMENTS
- fixed length control field: 250101|| aca||aabn | a|a d
040 ## - CATALOGING SOURCE
- Original cataloging agency: OSt
- Transcribing agency: OSt
100 ## - HEADING--PERSONAL NAME
- Personal name: Murphy, Gerden J
670 ## - SOURCE DATA FOUND
- Source citation: Work cat.: (OSt)10387: Murphy, Gerden J ., Control engineering / , 1968.
